000
00323nam a22001337a 4500
008
230714b xxu||||| |||| 00| 0 eng d
020
_a
370004361
082
_a
363.2
_b
CON
100
_c
Robert Conquest
245
_a
The Soviet Police System
260
_a
London
_b
The Bodley Head
_c
1968
300
_a
103p
942
_2
ddc
_c
BK
999
_c
3960
_d
3960